000 00292nam a22001337a 4500
008 181101b xxu||||| |||| 00| 0 eng d
020 _a0192813897
041 _aeng
080 _a370
100 _a45
101 _aEDU
245 _aModern English usage
_cSir Ernest.g
942 _2udc
_cBK
999 _c51526
_d51526